|
|
|
|
| LEADER |
00000nam0a2200000 4500 |
| 001 |
291455 |
| 005 |
20251220071622.0 |
| 035 |
|
|
|a (RuTPU)RU\TPU\book\316024
|
| 090 |
|
|
|a 291455
|
| 100 |
|
|
|a 20150414d1982 m y0rusy5003 ca
|
| 101 |
0 |
|
|a rus
|
| 102 |
|
|
|a RU
|
| 105 |
|
|
|a a j 001zy
|
| 200 |
1 |
|
|a Геодезические работы при изысканиях и разработке торфяных месторождений
|e учебное пособие
|f Б. М. Стольберг
|g Калининский государственный университет
|
| 210 |
|
|
|a Калинин
|c Калинининский ун-т
|d 1982
|
| 215 |
|
|
|a 64 с.
|c ил.
|d 20 см
|
| 314 |
|
|
|a В надзаг.: Калинин. политехн. ин-т
|
| 320 |
|
|
|a Библиогр.: с. 63
|
| 606 |
1 |
|
|a Торфяные месторождения
|x Разработка
|2 stltpush
|3 (RuTPU)RU\TPU\subj\61100
|9 78308
|
| 610 |
1 |
|
|a изыскания
|
| 610 |
1 |
|
|a геодезические работы
|
| 610 |
1 |
|
|a топографическая съемка
|
| 610 |
1 |
|
|a дороги
|
| 610 |
1 |
|
|a каналы
|
| 610 |
1 |
|
|a торфяные предприятия
|
| 610 |
1 |
|
|a строительство
|
| 610 |
1 |
|
|a инженерно-геодезическое производство
|
| 610 |
1 |
|
|a сооружения
|
| 610 |
1 |
|
|a разбивка
|
| 610 |
1 |
|
|a вертикальная планировка
|
| 610 |
1 |
|
|a разбивочные работы
|
| 610 |
1 |
|
|a учебные пособия
|
| 675 |
|
|
|a 622.331(075.8)
|z rus
|v 4
|
| 700 |
|
1 |
|a Стольберг
|b Б. М.
|g Борис Моисеевич
|4 070
|
| 712 |
0 |
2 |
|7 ca
|8 rus
|a Калининский государственный университет
|c 1971-1990
|2 stltpush
|3 (RuTPU)RU\TPU\col\6821
|9 24273
|
| 801 |
|
0 |
|a RU
|b RuMRKP
|c 19950704
|g psbo
|
| 801 |
|
1 |
|a RU
|b 63413507
|c 20150414
|
| 801 |
|
2 |
|a RU
|b 63413507
|c 20181225
|g RCR
|
| 942 |
|
|
|c BK
|